| 000 | 01588cam a2200373 i 4500 | ||
|---|---|---|---|
| 001 | 11825532 | ||
| 003 | EG-ScBUE | ||
| 005 | 20240805104132.0 | ||
| 008 | 991027r19111908enk f b 001 0 eng d | ||
| 020 | _z9781108025539 | ||
| 040 |
_aDLC _beng _erda _cDLC _dEG-ScBUE |
||
| 043 | _af-ua--- | ||
| 082 | 0 | 4 |
_a962.04 _222 _bCRO |
| 100 | 1 |
_aCromer, Evelyn Baring, _cEarl of, _d1841-1917, _eauthor. _928789 |
|
| 245 | 1 | 0 |
_aModern Egypt / _cby the Earl of Cromer. |
| 250 | _aNew edition. | ||
| 264 | 1 |
_aLondon : _bMacmillan and Co., Limited, _c1911. |
|
| 300 |
_a931 pages ; _c23 cm. |
||
| 336 |
_2rdacontent _atext _btxt |
||
| 337 |
_aunmediated _2rdamedia _bn |
||
| 338 |
_avolume _bnc _2rdacarrier |
||
| 490 | 0 | _aCambridge library collection | |
| 500 | _aOriginally published: New York : Macmillan, 1908. | ||
| 504 | _aIncludes bibliographical references and index. | ||
| 651 | 7 |
_aEgypt _xHistory _yBritish occupation, 1882-1936. _2BUEsh _928790 |
|
| 651 | 7 |
_aEgypt _xPolitics and government _y1882-1952. _2BUEsh _928791 |
|
| 651 | 7 |
_aGreat Britain _xColonies _xAdministration _xHistory _y19th century. _2BUEsh _928792 |
|
| 651 | 7 |
_aGreat Britain _xColonies _xAdministration _xHistory _y20th century. _2BUEsh _928793 |
|
| 653 | _cFebruary2012 | ||
| 655 | _vReading book | ||
| 942 |
_2ddc _cBB |
||
| 999 |
_c16435 _d16435 |
||